Seni bina warisan Malaysia

Bibliographic Details
Main Author: Maruwiah Ahmat
Format: Book
Published: Kuala Lumpur : Makmur Educational Supplies Sdn Bhd , 2014
Series:Siri Budaya Warisan Malaysia
Subjects:

MARC

LEADER 00000cam a2200000 7i4500
001 0000065269
005 20160813.0
008 160813
020 |a 9789670510835 (set) 
020 |a 9789670510927 
090 0 0 |a JF   |b CUS MAL 
100 0 |a Maruwiah Ahmat 
245 1 4 |a Seni bina warisan Malaysia   |c Maruwiah Ahmat 
260 |a Kuala Lumpur :   |b Makmur Educational Supplies Sdn Bhd ,   |c 2014 
490 0 |a Siri Budaya Warisan Malaysia 
500 |a Children ages 7-9 years old (orange) 
650 0 |a Architecture   |z Malaysia   |x History 
650 0 |a Historic buildings   |x Malaysia 
650 0 |a National monuments   |z Malaysia 
999 |a 0001278991   |b Book   |c Children Collection   |e Cawangan Segamat 
999 |a 0001278993   |b Book   |c Children Collection   |e Cawangan Tmn. Ungku Tun Aminah 
999 |a 0001278997   |b Book   |c Children Collection   |e Cawangan Bukit Gambir 
999 |a 0001278998   |b Book   |c Children Collection   |e Cawangan Mersing 
999 |a 0001279003   |b Book   |c Children Collection   |e Cawangan Bandar Penawar